Tri možnosti liberálnej demokracie: Darby, Rorty, Toffler

Bibliographic Details
Main Author: Abrahám, Samuel, 1960- (Author)
Format: Article
Language:Slovak
ISSN:1335-1710
Subjects:

MARC

LEADER 00000nab a2200000 a 4500
001 vtls000680458
003 SK-MaSNL
005 20260304100023.0
008 250425c1998 xo 0 slo
015 |a SNBRB1998/12-32427 
035 |a CLN000032626 
035 |a urn:nbn:sk:snk-abf3cy 
035 |a (urnnbn)urn:nbn:sk:snk:ar-a09nos 
035 |a (uuid)41f5c46d-929d-410a-9c9d-7c87eaf16f55 
040 |a SNKBUCL  |b slo  |c SNKBUCL  |e AACR2 
041 0 |a slo 
044 |a xo  |c SK 
080 |a 321.7  |2 1997 
100 1 |a Abrahám, Samuel,  |d 1960-  |4 aut  |9 78899 
245 1 0 |a Tri možnosti liberálnej demokracie: Darby, Rorty, Toffler  |c Samuel Abrahám 
246 1 1 |a Three paths of liberal democracy: Rorty, Toffler, Darby 
500 |a Súbežný názov a text v angl. 
650 0 7 |a liberálna demokracia  |2 snkbucl  |9 247415 
655 7 |a články z novín a časopisov  |2 snkbucl  |9 267496 
773 0 |t Kritika & Kontext  |g Roč. 3, č. 3-4 (1998), s. 2-7  |x 1335-1710 
850 |a Slovenská národná knižnica 
852 |a Slovenská národná knižnica 
954 |a odborná, vedecká literatúra pôvodná (slovenská)  |2 lita 
958 |a article2022 
958 |a OND 
958 |a EUIPO 
999 |c 2835421  |d 2837351